Statystyki dla Miesiące i pory roku

Kliknij tutaj aby rozwiązać quiz!

Ogólne statystyki

  • Ten quiz został rozwiązany 22 razy
  • Średni wynik to 11 z 16

Statystyki odpowiedzi

HintOdpowiedź% Poprawnych
styczeńel enero
92%
lutyel febrero
77%
marzecel marzo
77%
kwiecieńel abril
69%
sierpieńel agosto
69%
lipiecel julio
69%
czerwiecel junio
69%
majel mayo
69%
listopadel noviembre
69%
październikel octubre
69%
wrzesieńel septiembre
69%
grudzieńel diciembre
62%
zimael invierno
54%
wiosnala primavera
54%
jesieńel otoño
46%
latoel verano
46%

Rozkład punktacji

Percentyl według liczby udzielonych odpowiedzi

Procent ludzi z każdym wynikiem

Twoja historia wyników

Nie rozwiązałeś tego quizu